| 000 | 00744nmm a2200265 a 4500 | ||
|---|---|---|---|
| 003 | AR-BaBNM | ||
| 005 | 20251128211422.0 | ||
| 008 | 114020s1998 ||||||||||||||000 | spa|| | ||
| 040 | _cAR-BaBNM | ||
| 100 | 1 | _aSanz Pinyol, Gloria | |
| 245 | 1 | 0 | _aManual de comunicaciones escritas en la empresa |
| 250 | _a1ยช ed. | ||
| 260 |
_aBarcelona _bInteractiva _c1998 |
||
| 300 |
_a304 p. _bcuadros |
||
| 500 | _aIncluye dos disquetes compatibles con windows que contienen los 71 modelos de consulta | ||
| 650 | 4 | _aMODELOS LINGUISTICOS | |
| 650 | 4 | _aEMPRESAS | |
| 650 | 4 | _aREDACCION TECNICA | |
| 650 | 4 | _aREDACCION DE INFORMES | |
| 650 | 4 | _aTEXTO | |
| 650 | 4 | _aCOMUNICACION | |
| 700 | 1 | _aFraser, Alba | |
| 942 | _cBK | ||
| 998 | _cEugenia | ||
| 999 |
_c19606 _d19606 |
||